000 00427nam a22001577a 4500
003 Macl
005 20170419123509.0
008 170419b xxu||||| |||| 00| 0 eng d
040 _cMacl
082 _a954
100 _aGrover Amrita,Chaudhary Dr.Anju Grover, Dua Dr.J.C
_967063
245 _aMugal Land Revenue Apparatus
260 _aDelhi
_bCollected works of professor
_c2010
650 _aHistory
_967064
942 _2ddc
_cBK
999 _c56272
_d56272